| 000 | 00444nam a2200193Ia 4500 | ||
|---|---|---|---|
| 005 | 20250425160800.0 | ||
| 008 | 250425s9999 xx 000 0 und d | ||
| 020 | _a0863410375 | ||
| 041 | _aeng | ||
| 082 | _a621.38043 | ||
| 100 | _aCREASEY, D.J. | ||
| 245 | 0 | _aADVANCED SIGNAL PROCESSING | |
| 250 | _a1ST ED. | ||
| 260 | _aEXETER | ||
| 260 |
_aReino Unido _bPETER PEREGRINUS _c1985 |
||
| 300 | _a297 | ||
| 942 | _c01 | ||
| 010 | _a5095 | ||
| 999 |
_c196033 _d196033 |
||